Zawodnicy którzy wygrali Złotą Piłkę, Ligę Mistrzów i Mundial. - Statystyki

Ogólne statystyki
  • Ten quiz został rozwiązany 717 razy
    613 od ostatniego zresetowania
  • Średni wynik to 6 z 9
Statystyki odpowiedzi
Piłkarz Narodowość Rok zdobycia złotej piłki Rok zdobycia mistrzostwa świata Sezon zdobycia ligi mistrzów % Poprawnych
Lionel Messi
2009, 2010, 2011, 2012, 2015, 2019, 2021 2022 2005/06, 2008/09, 2010/11, 2014/15
99%
Ronaldinho
2005 2002 2005/06
84%
Kaka
2007 2002 2006/07
75%
Gerd Muller
1970 1974 1973/74, 1974/75, 1975/76
71%
Zinedine Zidane
1998 1998 2001/02
62%
Rivaldo
1999 2002 2002/03
61%
Franz Beckenbauer
1972, 1976 1974 1973/74, 1974/75, 1975/76
56%
Bobby Charlton
1966 1966 1976/1968
45%
Paolo Rossi
1982 1982 1984/85
30%
Nie znaleziono quizów pasujących do podanych kryteriów
Rozkład punktacji
Procent ludzi z każdym wynikiem
Percentyl według liczby udzielonych odpowiedzi
Twoja historia wyników
Nie rozwiązałeś tego quizu od ostatniego zresetowania